000
00336nam a2200133Ia 4500
008
151001s9999||||xx |||||||||||||| ||und||
100
_a
गो. ना. दातार
245
_a
अध:पतन
250
_a
4
260
_b
दा सा आणि मंडळी
260
_c
1970
300
_a
642
365
_b
18
999
_c
972932
_d
972929